000
00208nam a2200097Ia 4500
008
190216s9999||||xx |||||||||||||| ||und||
100
_a
P A Muhamed Koya
245
0
_a
Abhilasham
260
_b
Null
942
_c
BK
999
_c
23842
_d
23842